000 00388nam a2200169Ia 4500
008 170705s9999 xx 000 0 und d
020 _a590996398
245 _aArthur's teacher trouble /
245 _cMarc Brown.
260 _aNew York :
260 _bScholastic,
260 _c1986
300 _aunpaged :
300 _bcolor illustration ;
300 _c25cm.
500 _a400
999 _c335662
_d335662